All 150+ 'T' Boy Names that have ever ranked in the top 1000 (US) - Statistics

General Stats
  • This quiz has been taken 40 times
  • The average score is 59 of 151
Answer Stats
Highest Rank Male name % Correct
40 Tom
100%
8 Thomas
97%
402 Tomas
97%
60 Tim
94%
680 Timmothy
94%
11 Timothy
94%
824 Trae
94%
428 Tre
94%
213 Trey
94%
169 Ty
94%
987 Tye
94%
737 Tomie
90%
202 Tommie
90%
73 Tommy
90%
7 Tyler
90%
423 Tylor
90%
759 Teo
87%
26 Terry
87%
78 Theo
87%
697 Trever
87%
61 Trevor
87%
590 Theadore
84%
783 Thedore
84%
4 Theodore
84%
627 Timmie
84%
192 Timmy
84%
851 Tayler
81%
52 Taylor
81%
964 Terance
81%
250 Terence
81%
179 Terrance
81%
176 Terrence
81%
37 Travis
77%
232 Trent
77%
144 Ted
74%
501 Toney
74%
48 Tony
74%
252 Teddy
71%
440 Tobe
71%
190 Toby
71%
84 Tristan
71%
263 Tristen
71%
421 Tristin
71%
368 Triston
71%
820 Trystan
71%
40 Troy
65%
238 Tyson
65%
82 Tanner
61%
263 Tobias
61%
618 Tru
61%
691 Tyron
61%
132 Tyrone
61%
331 Tod
58%
28 Todd
58%
508 Tad
55%
401 Thad
52%
179 Tucker
52%
331 Thaddeus
48%
834 Tammy
45%
497 Trace
45%
178 Trenton
45%
358 Turner
42%
845 Torey
39%
463 Torrey
39%
479 Tory
39%
318 Tracey
39%
98 Tracy
39%
965 Thor
35%
197 Tate
32%
437 Tripp
32%
697 Tyrel
29%
354 Tyrell
29%
542 Talan
26%
992 Talen
26%
436 Talon
26%
195 Tatum
26%
676 Teagan
26%
975 Tegan
26%
757 Tex
26%
248 Truman
26%
943 Terell
23%
255 Terrell
23%
756 Terrill
23%
55 Thiago
23%
742 Thompson
23%
621 Titan
23%
280 Titus
23%
527 Travon
23%
766 Trayvon
23%
969 Trevin
23%
313 Trevon
23%
929 Treyvon
23%
698 Tab
16%
412 Tadeo
16%
482 Telly
16%
815 Thatcher
16%
205 Thurman
16%
965 Tina
16%
744 Torrance
16%
995 Taj
13%
751 Thelma
13%
740 Tobin
13%
941 Torrence
13%
779 Trinity
13%
327 Tyrese
13%
802 Tarik
10%
648 Tariq
10%
920 Tito
10%
648 Truett
10%
444 Tyree
10%
874 Tandy
6%
162 Tevin
6%
440 Thornton
6%
756 Thurston
6%
493 Tillman
6%
775 Tilman
6%
776 Toy
6%
613 Tristian
6%
814 Theophile
3%
751 Tollie
3%
829 Treyton
3%
917 Tyreek
3%
883 Tyrek
3%
956 Tyrique
3%
996 Tyrus
3%
393 Taft
0%
506 Talmadge
0%
553 Talmage
0%
593 Taurean
0%
810 Taurus
0%
640 Tavares
0%
858 Tavion
0%
788 Tavon
0%
944 Tayshaun
0%
931 Theodis
0%
452 Theron
0%
698 Thos
0%
876 Thurlow
0%
741 Tilden
0%
918 Toivo
0%
693 Tolbert
0%
691 Toriano
0%
981 Toshio
0%
722 Tremaine
0%
609 Tremayne
0%
825 Trevion
0%
488 Trinidad
0%
991 Truce
0%
932 Tuan
0%
773 Tyquan
0%
884 Tyshawn
0%
No matching quizzes found
Score Distribution
Percent of People with Each Score
Percentile by Number Answered
Your Score History
You have not taken this quiz